Spôsoby zabezpečenia pohľadávok pred rizikom neplatenia

Monitorovanie pohľadávok. Riešenie dubióznych pohľadávok. Spôsoby prevencie vzniku polehotných pohľadávok vo vybranom podniku. Zásady prevencie vzniku nedobytných pohľadávok.

Salvato in:
Dettagli Bibliografici
Autore principale: Seňová, Andrea
Altri autori: Kameníková, Katarína
Natura: Capitolo di libro
Lingua:slovacco
Soggetti:
Tags: Aggiungi Tag
Nessun Tag, puoi essere il primo ad aggiungerne!!

MARC

LEADER 00000naa$a2200000$$$4500
001 0078479
005 20231106075400.1
041 0 |a slo 
044 |a SK 
245 1 0 |a Spôsoby zabezpečenia pohľadávok pred rizikom neplatenia  |c Andrea Seňová, Katarína Kameníková 
520 |a Monitorovanie pohľadávok. Riešenie dubióznych pohľadávok. Spôsoby prevencie vzniku polehotných pohľadávok vo vybranom podniku. Zásady prevencie vzniku nedobytných pohľadávok. 
610 2 0 |a pohľadávky 
610 2 0 |a riziko 
610 2 0 |a podnik 
610 2 0 |a odberatelia 
100 1 |a Seňová, Andrea 
700 1 |a Kameníková, Katarína